000 00950nam0a22002651 4500
001 RU\INFOCOMM_327\NLR\5000023583
005 20250613110247.0
035 _a(NLR Aleph) 009554450
090 _a9028669
_c9028669
100 _a20130208d1936 |||y0rusy50 ca
101 1 _ager
_crus
102 _aRU
105 _ay z |||||
200 1 _aˆ...‰ Wahrt persönliche Gesundheitspflege
_fDoktor L. A. Ljutowitsch
_gAus dem Russ. übers. von Japolowa Erika
210 _aRostow-Don
_cAsow-Schwarzmeer-Grauverlag
_d1936
215 _a66, [2] с.
_cил.
_d14 см
300 _aНа 4-й с. обл.: Доктор Л. А. Лютович. Соблюдайте личную гигиену
620 _aРостов на Дону
700 1 _9z01790
_aLiutovič
_bL. A.
_gLev Abramovič
790 1 _9z01700
_aLjutowitsch
_bL. A.
_4070
801 1 _aRU
_bInfocomm
_c20130208
801 0 _aRU
_bINFOCOMM
_gPSBO
852 _aNLR
_jD8/1226
942 _cBOOK
980 _aNB